<?xml version="1.0" encoding="UTF-8"?>
<record
    xmlns:xsi="http://www.w3.org/2001/XMLSchema-instance"
    xsi:schemaLocation="http://www.loc.gov/MARC21/slim http://www.loc.gov/standards/marcxml/schema/MARC21slim.xsd"
    xmlns="http://www.loc.gov/MARC21/slim">

  <leader>00800nam a22001817a 4500</leader>
  <controlfield tag="001">10060</controlfield>
  <controlfield tag="003">FISKH</controlfield>
  <controlfield tag="005">20260403111604.0</controlfield>
  <controlfield tag="008">260402b        cb ||||| |||| 00| 0 eng d</controlfield>
  <datafield tag="040" ind1=" " ind2=" ">
    <subfield code="a">FISKH</subfield>
    <subfield code="b">chi</subfield>
    <subfield code="c">FISKH</subfield>
    <subfield code="d">FISKH</subfield>
  </datafield>
  <datafield tag="082" ind1=" " ind2=" ">
    <subfield code="a">895.13</subfield>
  </datafield>
  <datafield tag="100" ind1=" " ind2=" ">
    <subfield code="a">&#x5434;&#x6D32;&#x661F;</subfield>
  </datafield>
  <datafield tag="245" ind1=" " ind2=" ">
    <subfield code="a">&#x51FA;&#x552E;&#x81EA;&#x5DF1;&#x7684;&#x86C7; ( (Selling One's Own Snake). /</subfield>
    <subfield code="c">&#x5434;&#x6D32;&#x661F;</subfield>
  </datafield>
  <datafield tag="300" ind1=" " ind2=" ">
    <subfield code="a">32 unnumbered pages : </subfield>
    <subfield code="b">color illustrations ;</subfield>
    <subfield code="c">25 cm . </subfield>
  </datafield>
  <datafield tag="520" ind1=" " ind2=" ">
    <subfield code="a">&#x8FD9;&#x662F;&#x4E00;&#x672C;&#x5BD3;&#x8A00;&#x5F0F;&#x7684;&#x513F;&#x7AE5;&#x8BFB;&#x7269;&#xFF0C;&#x901A;&#x8FC7;&#x201C;&#x51FA;&#x552E;&#x81EA;&#x5DF1;&#x7684;&#x86C7;&#x201D;&#x8FD9;&#x4E00;&#x72EC;&#x7279;&#x6545;&#x4E8B;&#x60C5;&#x8282;&#xFF0C;&#x5411;&#x8BFB;&#x8005;&#x4F20;&#x8FBE;&#x5173;&#x4E8E;&#x667A;&#x6167;&#x3001;&#x9009;&#x62E9;&#x4E0E;&#x8D23;&#x4EFB;&#x7684;&#x6DF1;&#x5C42;&#x542B;&#x4E49;&#x3002;&#x6545;&#x4E8B;&#x901A;&#x5E38;&#x4EE5;&#x52A8;&#x7269;&#x6216;&#x8C61;&#x5F81;&#x6027;&#x89D2;&#x8272;&#x5C55;&#x5F00;&#xFF0C;&#x8BED;&#x8A00;&#x7B80;&#x6D01;&#x3001;&#x751F;&#x52A8;&#xFF0C;&#x9002;&#x5408;&#x513F;&#x7AE5;&#x9605;&#x8BFB;&#xFF0C;&#x540C;&#x65F6;&#x4E5F;&#x5177;&#x6709;&#x542F;&#x53D1;&#x6027;&#xFF0C;&#x8BA9;&#x5B69;&#x5B50;&#x601D;&#x8003;&#x4EF7;&#x503C;&#x89C2;&#x4E0E;&#x4EBA;&#x751F;&#x9053;&#x7406;&#x3002;</subfield>
  </datafield>
  <datafield tag="942" ind1=" " ind2=" ">
    <subfield code="2">ddc</subfield>
    <subfield code="c">BK</subfield>
    <subfield code="n">0</subfield>
  </datafield>
  <datafield tag="999" ind1=" " ind2=" ">
    <subfield code="c">10060</subfield>
    <subfield code="d">10060</subfield>
  </datafield>
  <datafield tag="952" ind1=" " ind2=" ">
    <subfield code="0">0</subfield>
    <subfield code="1">0</subfield>
    <subfield code="2">ddc</subfield>
    <subfield code="4">0</subfield>
    <subfield code="7">0</subfield>
    <subfield code="8">REF</subfield>
    <subfield code="a">002</subfield>
    <subfield code="b">002</subfield>
    <subfield code="c">LSHTTP</subfield>
    <subfield code="d">2026-04-02</subfield>
    <subfield code="l">0</subfield>
    <subfield code="o">&#x5434;&#x6D32;&#x661F; 895.13</subfield>
    <subfield code="p">2026-0443</subfield>
    <subfield code="r">2026-04-02 14:31:39</subfield>
    <subfield code="w">2026-04-02</subfield>
    <subfield code="y">BK</subfield>
  </datafield>
</record>
